Environmentální či ekologická ekonomie a ekonomie zdrojů: terminologická rozvolněnost v českém výzkumu
Zmapovanie terminológie kľúčových myšlienkových smerov v oblasti ekonómie životného prostredia.
Salvato in:
| Autore principale: | |
|---|---|
| Natura: | Capitolo di libro |
| Lingua: | ceco |
| Soggetti: | |
| Tags: |
Nessun Tag, puoi essere il primo ad aggiungerne!!
|
MARC
| LEADER | 00000naa a2200000 4500 | ||
|---|---|---|---|
| 001 | 0207303 | ||
| 005 | 20231116110913.9 | ||
| 041 | 0 | |a cze | |
| 044 | |a CZ | ||
| 245 | 1 | 0 | |a Environmentální či ekologická ekonomie a ekonomie zdrojů: terminologická rozvolněnost v českém výzkumu |c Lenka Slavíková |
| 520 | |a Zmapovanie terminológie kľúčových myšlienkových smerov v oblasti ekonómie životného prostredia. | ||
| 610 | 2 | 0 | |a ekonomika environmentálna |
| 610 | 2 | 0 | |a pojmy |
| 610 | 2 | 0 | |a terminológia |
| 610 | 2 | 0 | |a prostredie životné |
| 100 | 1 | |a Slavíková, Lenka | |